01465cam a22004214i 4500003000900000005001700009008004100026035001900067040003300086082001900119100003600138245006300174250000700237264005200244300004000296336002100336337002500357338002300382500003400405505040900439526001000848526001000858526000900868526000900877526000900886526000900895526000900904526000900913526000800922526000800930526000800938526000800946526000800954526000800962526000800970526000800978650005700986PE-LiUPU20250731180129.0150625s r 000 0 d a(Sirsi) a35763 aPE-LiUPUbspacPE-LiUPUerda04a516.6bW272211 aWarner, Frank Melville,eautor.10aGeometría Descriptiva Aplicada /cFrank Melville Warner. a5a 1aMadrid :bEdiciones del Castillo, S. A.,c1967. a242 PG . :bilustraciones ;c24 cm. atext2rdacontent aunmediated2rdamedia avolume2rdacarrier aEdición original en Ingles.0 aAdvertencia, en relación a la inclinación, de la línea, 25 del plano 31, en relación con el principio de la dirección, 60.- Afloramiento de un filón, 68.- Angulo, diedro, 56.- Buzamiento, definición de, 68 aprarente, 73 verdadero 73, determinación del 69 aparente 73, verdadero, 73.- Casco de un barco, perfilado de, 142- 144.- Desarrollo de la hélice,127-129.- Eje de rotación, 80.. aSEG44 aSEG26 aP159 aP155 aP154 aP153 aP150 aP100 aP31 aP30 aP26 aP25 aP24 aP22 aP15 aP1004aGeometría descriptivaxProblemas, ejercicios, etc.